Notable firings and resignations of Trump administration - Statistics

General Stats
  • This quiz has been taken 26 times
  • The average score is 8 of 22
Answer Stats
Date Name Post % Correct
03/13/2018 Rex Tillerson Secretary of State
78%
07/21/2017 Sean Spicer Press Secretary
78%
05/09/2017 James Comey FBI Director
70%
08/18/2017 Steve Bannon Chief strategist
65%
07/31/2017 Anthony Scaramucci Communications director
61%
02/13/2017 Michael Flynn National Security Advisor
61%
07/28/2017 Reince Priebus Chief of staff
48%
01/30/2017 Sally Yates Acting Attorney General
48%
02/28/2018 Hope Hicks Communications director
39%
03/22/2018 H. R. McMaster National Security Advisor
35%
03/06/2018 Gary Cohn Economic advisor
26%
12/13/2017 Omarosa Manigault Newman Communications director for the White House Office of Public Liaison
26%
02/07/2018 Rob Porter Staff Secretary
22%
08/25/2017 Sebastian Gorka National Security aide
22%
09/29/2017 Tom Price Health and Human Services Secretary
22%
03/28/2018 David Schulkin Veterans' Affairs Secretary
13%
12/08/2017 Dina Powell Deputy National Security Advisor
9%
03/30/2017 Katie Walsh Deputy chief of staff
9%
05/30/2017 Michael Dubke Communications director
9%
07/06/2017 Walter Shaub Director of U.S. office of Government Ethics
9%
03/12/2018 John McEntee Special assistant and personal aide to the president
4%
02/27/2018 Josh Raffel Deputy communications director
4%
No matching quizzes found
Score Distribution
Percent of People with Each Score
Percentile by Number Answered
Your Score History
You have not taken this quiz